000 00780nam a22001937a 4500
005 20130906144422.0
010 _aB-512516-523
020 _a9788125046592
_c210.00
035 _aB-512516-523
037 _aBSB/Ven
_bDPL
082 _a488.2407
100 _aSadanand, Kamlesh
245 _aTeaching listening and speaking:
_cby Kamlesh Sadanand
_bA handbook for english language teachers and teacher trainers/
260 _aHyderabad
_bOrient blackswan pvt. ltd.
270 _aOrient blackswan pvt. ltd.,3-6-752, Himayatnagar
_bHyderabad
_e500029
_mcenraloffice@orientblackswan.com
300 _avi,189p.
_bill.
_c20cm.(Pbk)
942 _2ddc
_cEN
_mSAD
_h488.2407
999 _c78755
_d78755